2025 Broncos Roster - Statistics

General Stats
  • This quiz has been taken 311 times
  • The average score is 26 of 53
Answer Stats
Hint Answer % Correct
QB Bo Nix
100%
WR Courtland Sutton
93%
RB RJ Harvey
92%
RB JK Dobbins
89%
TE Evan Engram
84%
WR Marvin Mims
84%
WR Troy Franklin
83%
CB Pat Surtain
82%
OLB Nik Bonitto
80%
CB Riley Moss
75%
QB Jarrett Stidham
74%
WR Pat Bryant
70%
K Wil Lutz
70%
OT Garett Bolles
66%
RB Tyler Badie
66%
RB Jaleel McLaughlin
65%
DE Zach Allen
64%
TE Adam Trautman
62%
DL DJ Jones
60%
S Brandon Jones
59%
DE Sai'vion Jones
58%
ILB Dre Greenlaw
56%
S Talanoa Hufanga
56%
OLB Jonathon Cooper
54%
ILB Alex Singleton
53%
RG Quinn Meinerz
53%
LG Ben Powers
51%
TE/FB Nate Adkins
48%
CB Jahdae Barron
47%
OT Mike McGlinchey
47%
P Jeremy Crawshaw
46%
DE John Franklin-Myers
46%
C Luke Wattenberg
41%
CB Ja'Quan McMillan
40%
S PJ Locke
37%
TE Lucas Krull
35%
ILB Justin Strnad
34%
OT Frank Crum
31%
DL Malcolm Roach
30%
WR Trent Sherfield
28%
S Devon Key
23%
CB Kris Abrams-Draine
23%
C Alex Forsyth
22%
LS Mitchell Fraboni
20%
OLB Que Robinson
19%
OLB Jonah Elliss
18%
OLB Dondrea Tillman
17%
OT Matt Peart
16%
S JL Skinner
15%
OT Alex Palczewski
12%
DE Eyioma Uwazurike
12%
DL Jordan Jackson
12%
ILB Karene Reid
7%
No matching quizzes found
Score Distribution
Percent of People with Each Score
Percentile by Number Answered
Your Score History
You have not taken this quiz